Simply strategy : the shortest route to the best strategy /

Bibliographic Details
Main Author: Koch, Richard, 1950-
Other Authors: Nieuwenhuizen, Peter
Format: Book
Language:English
Published: Harlow, England ; New York : Financial Times/Prentice Hall, 2006.
Subjects:

MARC

Tag First Indicator Second Indicator Subfields
LEADER 00000cam a2200000 a 4500
001 in00002202575
005 20151104101330.0
008 060420s2006 enka b 001 0 eng
020 |a 0273708783 (pbk.) 
020 |a 9780273708780 (pbk.) 
035 |a (OCoLC)ocm68261353 
040 |a UKM  |c UKM  |d VYF  |d UtOrBLW 
049 |a TXAM 
082 0 |a 658.4012  |2 22 
090 |a HD30.28  |b .K6235 2006 
100 1 |a Koch, Richard,  |d 1950- 
245 1 0 |a Simply strategy :  |b the shortest route to the best strategy /  |c Richard Koch and Peter Nieuwenhuizen. 
264 1 |a Harlow, England ;  |a New York :  |b Financial Times/Prentice Hall,  |c 2006. 
300 |a xiv, 213 pages :  |b illustrations ;  |c 24 cm. 
336 |a text  |b txt  |2 rdacontent 
337 |a unmediated  |b n  |2 rdamedia 
338 |a volume  |b nc  |2 rdacarrier 
504 |a Includes bibliographical references and index. 
650 0 |a Strategic planning. 
700 1 |a Nieuwenhuizen, Peter. 
945 |a PromptCat 
946 |a west,stk 
947 |a A14835003690 
948 |a cataloged  |b h  |c 2007/1/6  |d c  |e dmitchel  |f 8:20:10 am 
994 |a 92  |b TXA 
999 |a MARS 
999 f f |s b01365cb-0d27-3e5b-b9ed-28cbd98bda55  |i cc07b456-235d-3300-879d-50321a680f18  |t 0 
952 f f |p ric  |a Texas A&M University  |b Rellis Campus  |c Joint Library Facility  |d Remote Storage  |t 0  |e HD30.28 .K6235 2006  |h Library of Congress classification  |i unmediated -- volume  |m A14835003690 
998 f f |a HD30.28 .K6235 2006  |t 0  |l Remote Storage